1736 1616 1280 1889 1639 1632 1056 1724 1493 1233 1955 1988 1702 1232 1393 1293 1151 1046 1559 1902 1474 1834 1542 1522 1103 1818 1184 1444 1374 1725 1545 1898 1928 1127 1879 1683 1563 1883 1074 1140 1161 1236 1762 1231 1356 1905 1975 1598 1746 1388 1755 1978 1588 1422 1265 1841 1520 1772 1757 1418 1959 1014 1124 1836 1338 1494 1294 1409 1331 1544 1393 1022 1461 1195 1797 1330 1936 1689 1958 1930 1747 1387 1894 1924 1628 1821 1853 1935 1637 1532 1743 1188 1207 1739 1401 1460 1090 1188 1644 BCNSPRNW ULIB Ver.6.0+V

เปลี่ยนเป็นภาษาไทย

Change to English
 แสดงรายละเอียดบรรณานุกรม
  กลับหน้าหลัก

Brief Record : Get Marc (ISO 2709) : E-mail record : QR code < ปิดหน้าต่าง
LEADER : 00000nam 2200000uu 4500
001    13399127058
003     ULIB
008    020711s2556 th a 000 0 tha d
020    ^a9786162272004
060    ^aWS103^bต-ป
100    ^aตุ๊บป่อง
245    ^aไปชิมไข่ฟองน้อยกันนะ ชุดตุ๊กติ๊กตุ๊บปองเยี่ยมปู่ย่า
250    ^aพิมพ์ครั้งที่ 1
260    ^aกรุงเทพฯ :^bบริษัท แปลน ฟอร์ คิดส์ จำกัด,^c2556
300    ^a24 หน้า;^b21 ซม.
650    ^aเด็ก^xการเรียนการสอน
945    ^p95^l0^i006246
999    ^aประนอม เกษจรัล
รายการนี้ยังไม่มีแท็ก
คุณยังไม่ได้ล็อกอิน คุณสามารถมีกิจกรรมร่วมกับเว็บไซต์ได้ แต่ต้องล็อกอินก่อน ::
  ล็อกอิน

รายการสื่อสารสนเทศ

ลำดับที่ ประเภท เลขเรียก/บาร์โค้ด สถานที่ สถานะ
1. วิทยาศาสตร์การแพทย์ และสุขภาพ
วิทยาศาสตร์การแพทย์ และสุขภาพ
WS103 ต-ป ฉ.1 
  Barcode: 006246
ห้องสมุดวิทยาเขตสวรรค์ประชารักษ์
►หนังสือทั่วไป
บนชั้น

รายการใกล้เคียง
    ผู้แต่ง [ตุ๊บป่อง]

BibComment


ยังไม่เคยถูกคอมเมนท์

คอมเมนท์ทรัพยากรรายการนี้
  คอมเมนท์: ไปชิมไข่ฟองน้อยก..


 Copyright 2026. Bcnsprnw @Library